00403nam a2200133Ia 4500008004000000020001800040041000800058082001800066100002400084245007600108260004400184300001000228650003100238210210b2004 xxu||||| |||| 00| 0 eng d a81 88681 03 2 aeng aS891.109 SHAK aSHARMA (Shrawan K). aKuntaka's vakrokti siddhanta:Towards an appreciation of english poetry. aMeerutbShalabh Publishing House.c2004 av,281 aKuntaka Vakrokti Siddhanta